000 00359nam a2200133Ia 4500
005 20260326100043.0
008 260326s9999||||xx |||||||||||||| ||und||
100 _aAntonelli, Paola
245 0 _aHumble masterpieces :
_b Everyday marvels of Design /
_cPaola Antonelli
260 _bRegan Books
300 _a209 p.
650 _aDISEÑO INDUSTRIAL
942 _cBK
999 _c7076
_d7076